000 00406nam a2200157Ia 4500
008 100204s9999 xx 000 0 und d
082 _b23788
100 _aखांडेंकर संजीव
245 _aअशांत पर्व
250 _a0
260 _c1992
300 _a159
630 _aअशांत पर्व
730 _aअशांत पर्व
942 _cBOOK
999 _c468749
_d468746